Normal view MARC view

Entry Personal Name

Number of records used in: 1

001 - CONTROL NUMBER

  • control field: 50110

003 - CONTROL NUMBER IDENTIFIER

  • control field: AUA.1

005 - DATE AND TIME OF LATEST TRANSACTION

  • control field: 20150705153047.0

008 - FIXED-LENGTH DATA ELEMENTS

  • fixed length control field: 150705|||a|||||| | ||| d

040 ## - CATALOGING SOURCE

  • Original cataloging agency: AUA.1
  • Transcribing agency: AUA.1

100 ## - HEADING--PERSONAL NAME

  • Personal name: Mims, Clif,
  • Dates associated with a name: 1971-

670 ## - SOURCE DATA FOUND

  • Source citation: Work cat.: (AUA.1): Smaldino, Sharon E. 50105, Instructional technology and media for learning / , [2015]